Del anatema al diálogo
Guardado en:
| Hovedforfatter: | |
|---|---|
| Format: | Bog |
| Sprog: | Undetermined |
| Udgivet: |
Barcelona, España
Libros del Nopal
1968
|
| Fag: | |
| Tags: |
Tilføj Tag
Ingen Tags, Vær først til at tagge denne postø!
|
MARC
| LEADER | 00000nam a2200000Ia 4500 | ||
|---|---|---|---|
| 008 | 170316s9999 xx 000 0 und d | ||
| 090 | |a 230 G-2d | ||
| 100 | |a Garaudy, Roger | ||
| 245 | |a Del anatema al diálogo | ||
| 260 | |a Barcelona, España | ||
| 260 | |b Libros del Nopal | ||
| 260 | |c 1968 | ||
| 300 | |a 173 páginas | ||
| 650 | |a TEOLOGÍA | ||
| 999 | |c 18013 |d 18013 | ||
| 040 | |a cru BVZT | ||
| 942 | |c 15 D |h 230 G-2d |2 z | ||
